000 00470nam a2200169 4500
020 _a9789393969934
082 _aM 001.42
_bRAV/A
100 _aRavi Sankar S Nair
245 _aAarum vaaykaatha pusthakam engane ezhuthaam/
_cby Ravi Sankar S Nair
250 _a3rd ed.
260 _aKozhikode:
_bAtma books,
_c2023.
300 _a267p.
650 _aResearch methods
650 _aResearch, evaluation, and scientific method
650 _a Knowledge
942 _cBK
999 _c181981
_d181981